| 000 | 02650nam a2200253 a 4500 | ||
|---|---|---|---|
| 001 | 18264382 | ||
| 008 | 170116s2015 ||||||||||||||||| || u | ||
| 010 | _a2014948352 | ||
| 020 | _a9781446270738 | ||
| 050 | _aP 95.45 Adv | ||
| 100 | _aFitzgerald, Richard | ||
| 245 | 1 | 0 |
_aAdvances in membership categorisation analysis _cEdited By Richard Fitzgerald and William Housley |
| 260 |
_aLos Angeles _bSAGE Publications _c2015 |
||
| 300 | _axi, 194 p. : ill. | ||
| 350 | _a52.00 | ||
| 500 | _aIncludes bibliographical references (pages 177-192) and index. | ||
| 505 | _aIntroduction to membership categorization analysis / William Housley and Richard Fitzgerald -- De-reifiying categories / Rod Watson -- Prospective and retrospective categorization: category proffers and inferences in social interaction and rolling news media / Elizabeth Stokoe and Frederick Attenborough -- Categorization work in the courtroom : the 'foundational' character of membership categorization analysis / Christian Licoppe -- Challenging normativity : re-appraising category, bound, tied and predicated features / Edward Reynolds and Richard Fitzgerald -- Omnirelevance in technologized interaction : couples coping with video calling distortions / Sean Rintel -- Membership categorization and methodological reasoning in research team interaction / William Housley and Robin James Smith -- Transcription key. | ||
| 520 | _a"This is an exciting addition to the dynamic, multidisciplinary field of membership categorization analysis. Bringing together the biggest names in MCA this landmark publication provides a contemporary analysis of the field and a platform for emerging researchers and students to build upon. The book sets out the current methodological developments of MCA highlighting its analytic strength -- particularly when examining social identity and social knowledge. It provides a sophisticated tool of qualitative analysis and draws from a wide range of empirical studies provided by global scholars. The culmination of years of international research this agenda-setting text will be essential reading for academics and advanced students using membership categorization across the social sciences; particularly in media and communication studies, sociology, psychology, education, political science and linguistics."--Back cover. | ||
| 650 | 0 | _aCOMMUNICATION--SOCIAL ASPECTS | |
| 650 | 0 | _aCONVERSATION ANALYSIS | |
| 650 | 0 | _aORAL COMMUNICATION | |
| 700 | _aHousley, William | ||
| 995 |
_FCBU-MAIN LIBRARY (Kitwe) _I52.00 _M1 _UAVAILABLE _WFeb 15, 2017 _ZMain Library Open Access Collection |
||
| 999 |
_c33608 _d33608 |
||